00862nam a22002537a 450000500170000001000130001702000220003003500130005203700160006504000120008108200130009324501150010624600060022126000370022727000450026430000200030965000220032965000240035170000280037570000320040394200220043599900190045795201320047620170124110158.0 aA-583180 c00.00a0863112684 aA-583180 bCen Lib/Ret aDPLbEN a080bVOI aVoice of modern india :cedited by Ganeswar Mishra [and] Arun Kumar Mohanty bviews of great indian thinkers / b  bOrient Longman aCalcutta c1992 bCalcutta a71, hari ghosh streete700006 a156p.c19cm(Hb) aAnthology 917223 aNationalism 935544 aMishra, Ganeswar935545 aMohanty, Arun Kumar 914895 2ddccENh080mVOI c132717d132717 00104070aLbLd2015-07-23eCen Lib/Retg0.00l1o080 VOIpA-583180r2020-02-12 00:00:00s2020-02-05t1v0.00w2015-07-23yEN